Panic! at the Disco Songs by Lyrics - Statistics

General Stats
  • This quiz has been taken 2,029 times
  • The average score is 10 of 16
Answer Stats
Lyrics Song % Correct
"'What a beautiful wedding! What a beautiful wedding' says a bridesmaid to a waiter" I Write Sins Not Tragedies
92%
"Back to the street where we began / Feeling as good as lovers can" Nine in the Afternoon
91%
"A lonely speaker in a conversation / Her words were swimming through his ears again" The Ballad of Mona Lisa
78%
"The gnashing teeth and criminal tongues conspire against the odds / But they haven't seen the best of us yet" This Is Gospel
73%
"So testosterone boys and harlequin girls / Will you dance to this beat and hold a lover close?" Lying is the Most Fun a Girl Can Have Without Taking Her Clothes Off
68%
"You put a sour little flavor in my mouth now / You move in circles hoping no one's gonna find out" Miss Jackson
68%
"I think I'm ready I think / I know I'm ready I know" Ready to Go
64%
"Cross my heart and hope to die / Burn my lungs and curse my eyes" Nicotine
62%
"Things are shaping up to be pretty odd / Little deaths in musical beds" That Green Gentleman
60%
"You come along because I love your face / And I'll admire your expensive taste" New Perspective
59%
"We said, 'No more war, no more clothes! / Give me peace / Oh kiss me!'" Hurricane
56%
"Fate will play us out / With a song of pure romance / Stomp your feet and clap your hands" Let's Kill Tonight
56%
"As she sheds her skin on stage / I'm seated and sweating to a dance song on the club's PA" But It's Better if You Do
55%
"The lies and affectations / Sensation / We're winning 'til the curtain's coming down" Vegas Lights
54%
"If all our life is but a dream / Fantastic posing greed" Northern Downpour
51%
"There's a devil in the corner / In candy apple red / Dressed up like a fire / Burning through my head" It's Almost Halloween
20%
No matching quizzes found
Score Distribution
Percent of People with Each Score
Percentile by Number Answered
Your Score History
You have not taken this quiz